| 000 | 00374nam a2200145Ia 4500 | ||
|---|---|---|---|
| 008 | 230917s9999||||xx |||||||||||||| ||und|| | ||
| 040 |
_e126153 _aMAIN |
||
| 041 | _aEnglish | ||
| 082 | _a346.0486 M199T | ||
| 100 | _aMittal, D P | ||
| 245 | 0 | _aIndian patent law: Amendment Act 1999 | |
| 260 |
_aNew Delhi _bTaxman Allied Services _c1999 |
||
| 300 | _a424 p. | ||
| 942 | _cBK | ||
| 999 |
_c111824 _d111824 |
||